|
书名:
|
粮油食品分析与检验
|
|
|
作者:
|
俞一夫
编著
|
|
出版信息:
|
北京
中国轻工业出版社
1992.12
|
|
开本页数:
|
19cm 
270页
|
|
丛书名:
|
|
|
单 册:
|
|
|
中图分类:
|
TS2
|
|
科图分类:
|
|
|
主题词:
|
食品工业
|
|
电子资源:
|
|
|
ISBN:
|
7-5019-1259-9
|
|
000
|
00656nam0 2200205 450
|
|
001
|
0536425932
|
|
005
|
20060320215059.01
|
|
010
|
|
@a7-5019-1259-9@dCNY7.10
|
|
100
|
|
@a20050716d1992 km y0chiy0120 ea
|
|
101
|
0
|
@achi
|
|
102
|
|
@aCN@b110000
|
|
200
|
1
|
@a粮油食品分析与检验@Aliang you shi pin fen xi yu jian yan@f俞一夫等编著@Fyu yi fu deng bian zhu
|
|
210
|
|
@a北京@c中国轻工业出版社@d1992.12
|
|
215
|
|
@a270页@d19cm
|
|
330
|
|
@a本书全面阐述米面食品、焙烤食品、淀粉食品、发酵食品和植物蛋白食品的分析检验方法
|
|
606
|
0
|
@a食品工业
|
|
690
|
|
@aTS2@v4
|
|
701
|
0
|
@a俞一夫@Ayu yi fu@4编著
|
|
801
|
|
@aCN@bNiSoft@c20060320
|
|
905
|
|
@a10447@dTS2@e130
|
|
|
|
|
| |
| 粮油食品分析与检验/俞一夫等编著.-北京:中国轻工业出版社,1992.12 |
| 270页;19cm |
| |
| |
| ISBN 7-5019-1259-9:CNY7.10 |
| 本书全面阐述米面食品、焙烤食品、淀粉食品、发酵食品和植物蛋白食品的分析检验方法 |
| ● |
正题名:粮油食品分析与检验
索取号:TS2/130
 
预约/预借
| 序号
|
登录号
|
条形码
|
馆藏地/架位号
|
状态
|
备注
|
|
1
|
96226
|
200962262
|
海科密-1楼/27架9列1层/
[索取号:TS2/130]
|
在馆
|
|